[Event "Reto (Rybka23232-bit, 90'+10\"/999) "]
[Site "?"]
[Date "2009.12.31"]
[Round "?"]
[White "Diaz, Sergio"]
[Black "Cabrera, Marcelo Dario"]
[Result "1-0"]
[WhiteElo "2472"]
[BlackElo "2267"]
[PlyCount "121"]

1. e4 c5 2. Nf3 e6 3. d4 cxd4 4. Nxd4 a6 5. Bd3 Nf6 6. O-O Qc7 7. Qe2 d6 8. c4
Be7 9. Nc3 Nc6 10. Nxc6 bxc6 11. f4 Nd7 12. Be3 Rb8 13. Rad1 O-O 14. Rf3 g6 15.
g4 Bf6 16. Qd2 Bb7 17. g5 Bg7 18. Bf1 d5 19. Rf2 Nb6 20. c5 Nd7 21. e5 {
[%eval 31,16] [%emt 0:03:36]} a5 {[%eval 33,17] [%emt 0:04:30]} 22. Na4 {
[%eval 37,17] [%emt 0:04:30]} Ra8 {[%eval 37,18] [%emt 0:06:26]} 23. Nb6 {
[%eval 53,18] [%emt 0:05:04] (Tf3)} Ra7 {[%eval 57,18] [%emt 0:03:14]} 24. Nc4
{[%eval 51,18] [%emt 0:01:24]} Ba6 {[%eval 51,18] [%emt 0:02:18]} 25. Nd6 {
[%eval 46,17] [%emt 0:00:00]} Bxf1 {[%eval 65,18] [%emt 0:08:56]} 26. Rfxf1 {
[%eval 66,19] [%emt 0:02:07]} a4 {[%eval 68,19] [%emt 0:05:00]} 27. Rf3 {
[%eval 70,19] [%emt 0:03:21]} Rb8 {[%eval 70,19] [%emt 0:02:56]} 28. Bd4 {
[%eval 71,19] [%emt 0:11:36]} Bf8 {[%eval 71,19] [%emt 0:03:31]} 29. Rh3 {
[%eval 72,19] [%emt 0:06:52]} Qd8 {[%eval 73,19] [%emt 0:11:17]} 30. Bc3 {
[%eval 65,19] [%emt 0:14:07]} Bxd6 {[%eval 65,19] [%emt 0:04:01]} 31. exd6 {
[%eval 67,19] [%emt 0:01:10]} e5 {[%eval 70,19] [%emt 0:06:35]} 32. fxe5 {
[%eval 70,19] [%emt 0:04:29]} Nf8 {[%eval 71,19] [%emt 0:09:09]} 33. Kh1 {
[%eval 91,18] [%emt 0:01:56] (Tf1)} Ne6 {[%eval 88,18] [%emt 0:01:59]} 34. Rg1
{[%eval 79,17] [%emt 0:00:00]} Rab7 {[%eval 86,17] [%emt 0:02:43]} 35. Qe3 {
[%eval 83,17] [%emt 0:03:51]} Qd7 {[%eval 113,17] [%emt 0:05:27]} 36. Rh4 {
[%eval 112,17] [%emt 0:00:32]} d4 {[%eval 122,17] [%emt 0:04:29]} 37. Bxd4 {
[%eval 122,17] [%emt 0:00:27]} Nxd4 {[%eval 124,17] [%emt 0:00:10]} 38. Qxd4 {
[%eval 114,16] [%emt 0:00:00]} Rxb2 {[%eval 131,17] [%emt 0:00:52]} 39. e6 {
[%eval 133,17] [%emt 0:00:14]} fxe6 {[%eval 142,18] [%emt 0:00:42]} 40. Rf1 {
[%eval 172,18] [%emt 0:04:22]} Rc2 {[%eval 172,18] [%emt 0:00:38]} 41. Qe5 {
[%eval 177,18] [%emt 0:00:18]} Rd2 {[%eval 186,18] [%emt 0:00:25]} 42. Rhf4 {
[%eval 171,18] [%emt 0:00:29]} Qe8 {[%eval 194,18] [%emt 0:00:33]} 43. Rxa4 {
[%eval 196,19] [%emt 0:00:45]} Rd5 {[%eval 200,19] [%emt 0:01:19]} 44. Qe3 {
[%eval 208,19] [%emt 0:00:57]} Rf5 {[%eval 225,19] [%emt 0:02:32]} 45. Rxf5 {
[%eval 232,19] [%emt 0:01:23]} gxf5 {[%eval 236,19] [%emt 0:00:09]} 46. Qe5 {
[%eval 236,19] [%emt 0:01:30]} Qg6 {[%eval 240,19] [%emt 0:01:57]} 47. h4 {
[%eval 240,19] [%emt 0:01:06]} Qf7 {[%eval 243,19] [%emt 0:01:20]} 48. Kh2 {
[%eval 243,19] [%emt 0:00:58]} Qd7 {[%eval 260,19] [%emt 0:01:13]} 49. Kg3 {
[%eval 322,19] [%emt 0:03:48]} Re8 {[%eval 322,19] [%emt 0:00:24]} 50. Rf4 {
[%eval 363,18] [%emt 0:02:20]} h6 {[%eval 359,18] [%emt 0:00:24] (Tb8)} 51. a4
{[%eval 368,17] [%emt 0:00:19]} Rd8 {[%eval 363,14] [%emt 0:00:05] (Df7)} 52.
a5 {[%eval 363,14] [%emt 0:00:14]} Re8 {[%eval 511,14] [%emt 0:00:23]} 53. Rb4
{[%eval 554,14] [%emt 0:00:49]} hxg5 {[%eval 328,11] [%emt 0:00:00] (Df7)} 54.
hxg5 {[%eval 597,14] [%emt 0:00:12]} Qh7 {[%eval 628,14] [%emt 0:00:23] (Tf8)}
55. Rh4 {[%eval 653,14] [%emt 0:00:14]} f4+ {[%eval 628,12] [%emt 0:00:07]} 56.
Kg4 {[%eval 462,13] [%emt 0:00:00]} Qf5+ {[%eval 653,13] [%emt 0:00:22]} 57.
Qxf5 {[%eval 462,12] [%emt 0:00:00]} exf5+ {[%eval 705,12] [%emt 0:00:22]} 58.
Kxf5 {[%eval 462,11] [%emt 0:00:00]} Rf8+ {[%eval 724,12] [%emt 0:00:21] (Td8)}
59. Ke6 {[%eval 462,12] [%emt 0:00:00]} Re8+ {[%eval 752,12] [%emt 0:00:06]}
60. Kd7 {[%eval 834,13] [%emt 0:00:08]} Ra8 {[%eval 879,13] [%emt 0:00:18] 
(Tf8)} 61. Rxf4 {[%eval 1155,13] [%emt 0:00:28] (Rxc6)} 1-0

[Event "Reto (Rybka232mp32-bit, 90'+10\"/999) "]
[Site "?"]
[Date "2009.12.31"]
[Round "?"]
[White "Diaz, Sergio"]
[Black "Cabrera, Marcelo Dario"]
[Result "1-0"]
[WhiteElo "2472"]
[BlackElo "2267"]
[PlyCount "211"]

1. e4 c5 2. Nf3 e6 3. d4 cxd4 4. Nxd4 a6 5. Bd3 Nf6 6. O-O Qc7 7. Qe2 d6 8. c4
Be7 9. Nc3 Nc6 10. Nxc6 bxc6 11. f4 Nd7 12. Be3 Rb8 13. Rad1 O-O 14. Rf3 g6 15.
g4 Bf6 16. Qd2 Bb7 17. g5 Bg7 18. Bf1 d5 19. Rf2 Nb6 20. c5 Nd7 21. e5 {
[%eval 29,17] [%emt 0:02:34]} Rfe8 {[%eval 30,18] [%emt 0:06:23]} 22. Na4 {
[%eval 34,18] [%emt 0:01:32]} Bf8 {[%eval 39,18] [%emt 0:13:01] (h6)} 23. Bd4 {
[%eval 45,18] [%emt 0:07:06]} a5 {[%eval 45,18] [%emt 0:03:40]} 24. h4 {
[%eval 44,18] [%emt 0:01:12]} Bc8 {[%eval 51,18] [%emt 0:08:00] (Ta8)} 25. b3 {
[%eval 53,18] [%emt 0:01:12]} Ra8 {[%eval 57,18] [%emt 0:05:15]} 26. h5 {
[%eval 56,18] [%emt 0:00:38]} Ba6 {[%eval 55,18] [%emt 0:02:02]} 27. Bxa6 {
[%eval 54,18] [%emt 0:00:51]} Rxa6 {[%eval 49,17] [%emt 0:00:00]} 28. Rh2 {
[%eval 55,18] [%emt 0:03:06]} Qb7 {[%eval 59,19] [%emt 0:02:58]} 29. Kg2 {
[%eval 64,19] [%emt 0:02:01]} Qb4 {[%eval 63,19] [%emt 0:01:17]} 30. Qd3 {
[%eval 64,19] [%emt 0:02:04]} Qb5 {[%eval 64,18] [%emt 0:01:37]} 31. hxg6 {
[%eval 66,18] [%emt 0:01:11]} fxg6 {[%eval 64,19] [%emt 0:01:52]} 32. Qc2 {
[%eval 72,19] [%emt 0:00:52]} Bg7 {[%eval 71,19] [%emt 0:00:50]} 33. Rdh1 {
[%eval 71,19] [%emt 0:00:53]} Nf8 {[%eval 71,19] [%emt 0:00:53]} 34. Kf3 {
[%eval 71,19] [%emt 0:00:32]} Ra7 {[%eval 71,20] [%emt 0:02:09]} 35. Qe2 {
[%eval 70,20] [%emt 0:03:14]} Rb8 {[%eval 69,20] [%emt 0:07:56] (Db4)} 36. Qxb5
{[%eval 68,20] [%emt 0:00:42]} Rxb5 {[%eval 66,21] [%emt 0:02:35]} 37. Ke3 {
[%eval 69,21] [%emt 0:04:44] (Cb2)} Bh8 {[%eval 69,20] [%emt 0:01:18] (Tf7)}
38. Nb6 {[%eval 69,20] [%emt 0:01:04]} Rc7 {[%eval 79,20] [%emt 0:05:00]} 39.
Kd2 {[%eval 79,20] [%emt 0:00:45]} Rg7 {[%eval 79,20] [%emt 0:01:05]} 40. Rh6 {
[%eval 79,20] [%emt 0:01:21]} Rb4 {[%eval 69,20] [%emt 0:01:53]} 41. Kc3 {
[%eval 74,20] [%emt 0:00:36]} Nd7 {[%eval 73,20] [%emt 0:00:53]} 42. Nc8 {
[%eval 71,20] [%emt 0:01:53]} Rf7 {[%eval 79,20] [%emt 0:03:42] (Tb8)} 43. R6h4
{[%eval 79,20] [%emt 0:00:40]} Rb8 {[%eval 79,20] [%emt 0:00:30]} 44. Nd6 {
[%eval 79,21] [%emt 0:00:44]} Re7 {[%eval 80,21] [%emt 0:03:01]} 45. Rb1 {
[%eval 75,21] [%emt 0:12:37]} Ra8 {[%eval 78,21] [%emt 0:01:17]} 46. Kd3 {
[%eval 77,21] [%emt 0:02:31]} Nb8 {[%eval 76,21] [%emt 0:01:42]} 47. Bc3 {
[%eval 78,21] [%emt 0:02:16]} Na6 {[%eval 78,21] [%emt 0:00:59]} 48. Kd4 {
[%eval 78,21] [%emt 0:01:50]} Nc7 {[%eval 76,21] [%emt 0:01:48]} 49. Rh2 {
[%eval 76,21] [%emt 0:03:34]} Nb5+ {[%eval 76,21] [%emt 0:03:16]} 50. Nxb5 {
[%eval 77,22] [%emt 0:01:59]} cxb5 {[%eval 79,22] [%emt 0:00:14]} 51. b4 {
[%eval 87,22] [%emt 0:05:40]} Rf7 {[%eval 87,22] [%emt 0:01:38]} 52. Rf2 {
[%eval 87,22] [%emt 0:01:34]} a4 {[%eval 87,22] [%emt 0:01:49]} 53. Rh1 {
[%eval 86,22] [%emt 0:00:46]} Bg7 {[%eval 86,22] [%emt 0:00:52]} 54. Ke3 {
[%eval 86,22] [%emt 0:00:46]} Bf8 {[%eval 86,22] [%emt 0:01:04]} 55. Kf3 {
[%eval 86,22] [%emt 0:00:45]} Be7 {[%eval 86,22] [%emt 0:01:05]} 56. Kg3 {
[%eval 86,22] [%emt 0:00:47]} Rc8 {[%eval 86,22] [%emt 0:00:51]} 57. a3 {
[%eval 86,22] [%emt 0:00:17]} Bd8 {[%eval 86,22] [%emt 0:00:21]} 58. Bd4 {
[%eval 86,23] [%emt 0:00:36]} Rc6 {[%eval 86,23] [%emt 0:00:37]} 59. Rfh2 {
[%eval 86,24] [%emt 0:00:24]} Bc7 {[%eval 86,24] [%emt 0:00:25]} 60. Kg4 {
[%eval 86,24] [%emt 0:00:22]} Re7 {[%eval 86,24] [%emt 0:00:38]} 61. Ba1 {
[%eval 86,24] [%emt 0:00:27]} Rf7 {[%eval 86,24] [%emt 0:00:50]} 62. Bc3 {
[%eval 86,24] [%emt 0:01:23]} Bb8 {[%eval 86,24] [%emt 0:00:41]} 63. Bd4 {
[%eval 86,23] [%emt 0:02:36]} Bc7 {[%eval 86,23] [%emt 0:00:34]} 64. Bg1 {
[%eval 74,23] [%emt 0:04:04]} Bb8 {[%eval 74,23] [%emt 0:00:29]} 65. Be3 {
[%eval 74,23] [%emt 0:03:11]} Rcc7 {[%eval 74,23] [%emt 0:00:25]} 66. Kg3 {
[%eval 80,22] [%emt 0:02:30]} Kf8 {[%eval 77,20] [%emt 0:00:07] (Aa7)} 67. c6 {
[%eval 84,21] [%emt 0:00:27]} Kg8 {[%eval 84,21] [%emt 0:00:22]} 68. Rc2 {
[%eval 83,21] [%emt 0:00:29]} Rc8 {[%eval 83,21] [%emt 0:00:19]} 69. Kg4 {
[%eval 91,20] [%emt 0:00:13]} Rcf8 {[%eval 92,20] [%emt 0:00:17]} 70. Rhc1 {
[%eval 92,20] [%emt 0:00:17]} Rc8 {[%eval 92,20] [%emt 0:00:16]} 71. Rc3 {
[%eval 92,20] [%emt 0:00:20]} Kf8 {[%eval 92,20] [%emt 0:00:14]} 72. Bb6 {
[%eval 92,20] [%emt 0:00:44]} Bc7 {[%eval 92,20] [%emt 0:00:13]} 73. Bd4 {
[%eval 93,19] [%emt 0:00:25] (Ac5+)} Ke8 {[%eval 93,18] [%emt 0:00:08] (Ab8)}
74. Rh1 {[%eval 100,19] [%emt 0:00:19] (Th3)} Bb8 {[%eval 100,19] [%emt 0:00:
09]} 75. Rc2 {[%eval 100,19] [%emt 0:00:14]} Kf8 {[%eval 100,19] [%emt 0:00:11]
} 76. Bb6 {[%eval 100,19] [%emt 0:00:13]} Bc7 {[%eval 100,19] [%emt 0:00:10]}
77. Bc5+ {[%eval 100,19] [%emt 0:00:08]} Kg8 {[%eval 100,20] [%emt 0:00:13]}
78. Rh3 {[%eval 101,20] [%emt 0:00:34] (Thc1)} Bd8 {[%eval 101,20] [%emt 0:00:
12]} 79. Bd6 {[%eval 101,20] [%emt 0:00:10]} Bc7 {[%eval 101,20] [%emt 0:00:09]
} 80. Rhc3 {[%eval 101,20] [%emt 0:00:13]} Kg7 {[%eval 101,20] [%emt 0:00:10]}
81. Rc5 {[%eval 101,20] [%emt 0:00:08]} Rb8 {[%eval 101,20] [%emt 0:00:08]} 82.
Kg3 {[%eval 101,20] [%emt 0:00:07]} Kg8 {[%eval 101,20] [%emt 0:00:13]} 83. Kf2
{[%eval 107,18] [%emt 0:00:17] (Te2)} Kh8 {[%eval 107,18] [%emt 0:00:08]} 84.
Ke2 {[%eval 107,19] [%emt 0:00:07]} Kg7 {[%eval 107,20] [%emt 0:00:12]} 85. Rc1
{[%eval 125,19] [%emt 0:00:05]} Kg8 {[%eval 124,19] [%emt 0:00:05]} 86. Kd3 {
[%eval 107,20] [%emt 0:00:27] (f5)} Kg7 {[%eval 107,20] [%emt 0:00:07]} 87.
R1c2 {[%eval 107,20] [%emt 0:00:06]} Kg8 {[%eval 107,20] [%emt 0:00:14]} 88.
Rh2 {[%eval 155,20] [%emt 0:00:15] (Te2)} Rc8 {[%eval 203,20] [%emt 0:00:13]}
89. Rxb5 {[%eval 183,19] [%emt 0:00:00]} Bxd6 {[%eval 206,20] [%emt 0:00:12]}
90. exd6 {[%eval 190,18] [%emt 0:00:00]} Rxc6 {[%eval 255,19] [%emt 0:00:06]}
91. Rb8+ {[%eval 235,18] [%emt 0:00:00]} Kg7 {[%eval 261,19] [%emt 0:00:08]}
92. Rd8 {[%eval 294,19] [%emt 0:00:21]} Rxf4 {[%eval 309,19] [%emt 0:00:13]}
93. Rd7+ {[%eval 309,19] [%emt 0:00:08]} Kg8 {[%eval 309,20] [%emt 0:00:08]}
94. Rhxh7 {[%eval 309,20] [%emt 0:00:17]} Rxd6 {[%eval 318,20] [%emt 0:00:10]}
95. Rxd6 {[%eval 321,21] [%emt 0:00:07]} Kxh7 {[%eval 320,21] [%emt 0:00:07]}
96. b5 {[%eval 320,21] [%emt 0:00:04]} Rf3+ {[%eval 320,21] [%emt 0:00:14]} 97.
Kd4 {[%eval 290,20] [%emt 0:00:00]} e5+ {[%eval 390,16] [%emt 0:00:04] (Tb3)}
98. Kxe5 {[%eval 428,18] [%emt 0:00:05]} Re3+ {[%eval 432,18] [%emt 0:00:08] 
(Txa3)} 99. Kd4 {[%eval 391,18] [%emt 0:00:00]} Rb3 {[%eval 434,18] [%emt 0:00:
06]} 100. b6 {[%eval 432,18] [%emt 0:00:30]} Kg8 {[%eval 391,16] [%emt 0:00:00]
} 101. Kxd5 {[%eval 512,16] [%emt 0:00:20]} Kf7 {[%eval 511,14] [%emt 0:00:15]}
102. Rf6+ {[%eval 512,13] [%emt 0:00:22]} Ke7 {[%eval 509,13] [%emt 0:00:15]}
103. Rxg6 {[%eval 461,11] [%emt 0:00:00]} Kf7 {[%eval 512,13] [%emt 0:00:04] 
(Td3+)} 104. Rf6+ {[%eval 461,9] [%emt 0:00:00]} Ke8 {[%eval 707,15] [%emt 0:
00:15] (Re7)} 105. g6 {[%eval 841,14] [%emt 0:01:29]} Rd3+ {[%eval 816,13] 
[%emt 0:00:10]} 106. Kc5 {[%eval 985,11] [%emt 0:00:13] (Rc4)} 1-0

[Event "Reto (Rybka23232-bit, 150'+10\"/999) "]
[Site "?"]
[Date "2009.12.31"]
[Round "?"]
[White "Diaz, Sergio"]
[Black "Cabrera, Marcelo Dario"]
[Result "1/2-1/2"]
[WhiteElo "2472"]
[BlackElo "2267"]
[PlyCount "67"]

1. e4 c5 2. Nf3 e6 3. d4 cxd4 4. Nxd4 a6 5. Bd3 Nf6 6. O-O Qc7 7. Qe2 d6 8. c4
Be7 9. Nc3 Nc6 10. Nxc6 bxc6 11. f4 Nd7 12. Be3 Rb8 13. Rad1 O-O 14. Rf3 g6 15.
g4 Bf6 16. Qd2 {[%eval 12,16] [%emt 0:06:25]} Rd8 {[%eval 13,16] [%emt 0:04:54]
} 17. g5 {[%eval 8,16] [%emt 0:05:07]} Be7 {[%eval 13,16] [%emt 0:06:49] (Ag7)}
18. Rf2 {[%eval 17,17] [%emt 0:17:31]} a5 {[%eval 21,17] [%emt 0:17:14]} 19.
Na4 {[%eval 26,17] [%emt 0:07:14]} c5 {[%eval 16,17] [%emt 0:03:00]} 20. h4 {
[%eval 15,17] [%emt 0:08:12]} Bb7 {[%eval 16,17] [%emt 0:05:10]} 21. Nc3 {
[%eval 11,17] [%emt 0:15:14]} Nb6 {[%eval 10,17] [%emt 0:03:01]} 22. f5 {
[%eval 11,17] [%emt 0:03:38]} exf5 {[%eval 2,17] [%emt 0:02:31]} 23. exf5 {
[%eval 7,18] [%emt 0:04:46]} d5 {[%eval 8,18] [%emt 0:05:51]} 24. Bf4 {[%eval
0,18] [%emt 0:06:01]} Bd6 {[%eval 0,17] [%emt 0:00:00]} 25. cxd5 {[%eval 5,17]
[%emt 0:01:51]} Bxf4 {[%eval 9,18] [%emt 0:01:40]} 26. Qxf4 {[%eval 0,19] 
[%emt 0:01:27]} Qxf4 {[%eval 0,18] [%emt 0:00:00]} 27. Rxf4 {[%eval 0,18] 
[%emt 0:00:00]} Nxd5 {[%eval 2,19] [%emt 0:00:53]} 28. Nxd5 {[%eval 1,20] 
[%emt 0:02:16]} Rxd5 {[%eval 5,21] [%emt 0:02:50]} 29. Bc2 {[%eval 9,21] [%emt
0:04:34]} Rxd1+ {[%eval 9,21] [%emt 0:02:43]} 30. Bxd1 {[%eval 8,21] [%emt 0:
00:00]} Bd5 {[%eval 1,22] [%emt 0:10:28] (Ac8)} 31. b3 {[%eval 1,22] [%emt 0:
01:19]} Rb4 {[%eval 1,22] [%emt 0:01:15]} 32. Rxb4 {[%eval 0,21] [%emt 0:00:00]
} axb4 {[%eval 0,25] [%emt 0:00:51]} 33. f6 {[%eval 0,26] [%emt 0:00:32]} Kf8 {
[%eval 0,28] [%emt 0:00:50]} 34. Kf2 {[%eval 0,29] [%emt 0:01:16]} 1/2-1/2

[Event "Reto (Rybka232mp32-bit, 150'+10\"/999) "]
[Site "?"]
[Date "2009.12.31"]
[Round "?"]
[White "Diaz, Sergio"]
[Black "Cabrera, Marcelo Dario"]
[Result "1/2-1/2"]
[WhiteElo "2472"]
[BlackElo "2267"]
[PlyCount "65"]

1. e4 c5 2. Nf3 e6 3. d4 cxd4 4. Nxd4 a6 5. Bd3 Nf6 6. O-O Qc7 7. Qe2 d6 8. c4
Be7 9. Nc3 Nc6 10. Nxc6 bxc6 11. f4 Nd7 12. Be3 Rb8 13. Rad1 O-O 14. Rf3 g6 15.
g4 Bf6 16. Qd2 {[%eval 10,17] [%emt 0:04:08]} c5 {[%eval 13,18] [%emt 0:14:00]}
17. g5 {[%eval 11,18] [%emt 0:02:30]} Bd4 {[%eval 15,19] [%emt 0:06:24]} 18.
Bf1 {[%eval 13,19] [%emt 0:03:19]} e5 {[%eval 13,19] [%emt 0:03:25]} 19. Bxd4 {
[%eval 6,19] [%emt 0:14:32]} exd4 {[%eval 8,20] [%emt 0:02:10]} 20. Nd5 {
[%eval 6,20] [%emt 0:02:00]} Qd8 {[%eval 11,20] [%emt 0:04:49]} 21. b4 {
[%eval 10,20] [%emt 0:05:23]} f6 {[%eval 20,20] [%emt 0:13:51]} 22. bxc5 {
[%eval 13,20] [%emt 0:09:40]} dxc5 {[%eval 13,20] [%emt 0:08:15]} 23. h4 {
[%eval 19,20] [%emt 0:15:36]} Bb7 {[%eval 13,20] [%emt 0:13:50]} 24. Re1 {
[%eval 17,20] [%emt 0:21:47]} Bxd5 {[%eval 14,20] [%emt 0:12:44]} 25. exd5 {
[%eval 15,20] [%emt 0:00:38]} Re8 {[%eval 16,20] [%emt 0:16:49]} 26. Rf2 {
[%eval 21,16] [%emt 0:01:34] (Txe8+)} Rxe1 {[%eval 21,17] [%emt 0:02:59] (Dc7)}
27. Qxe1 {[%eval 15,16] [%emt 0:00:00]} Nf8 {[%eval 18,18] [%emt 0:06:58]} 28.
f5 {[%eval 20,18] [%emt 0:01:16]} Rb6 {[%eval 28,18] [%emt 0:01:33]} 29. Rg2 {
[%eval 20,18] [%emt 0:02:47]} fxg5 {[%eval 17,18] [%emt 0:01:21]} 30. Rxg5 {
[%eval 23,19] [%emt 0:01:27]} Qc7 {[%eval 24,19] [%emt 0:01:36]} 31. Rg2 {
[%eval 0,20] [%emt 0:15:25]} Rf6 {[%eval 0,20] [%emt 0:01:53]} 32. fxg6 {
[%eval 0,20] [%emt 0:07:02] (Ad3)} Rxg6 {[%eval 0,21] [%emt 0:08:39]} 33. Rxg6+
{[%eval 0,19] [%emt 0:00:54] (h5)} 1/2-1/2